Vista normal
Vista MARC
Entrada Materia (personas)
Número de registros utilizados en: 1
001 - CONTROL NUMBER
- control field: 71093
003 - CONTROL NUMBER IDENTIFIER
- control field: Co-BoUCM
005 - DATE AND TIME OF LATEST TRANSACTION
- control field: 20150827102036.0
008 - FIXED-LENGTH DATA ELEMENTS
- fixed length control field: 150827|| aca||aabn | a|a d
040 ## - CATALOGING SOURCE
- Original cataloging agency: Co-BoUCM
- Transcribing agency: Co-BoUCM
100 ## - HEADING--PERSONAL NAME
- Personal name: Santamaría, Eustacio
670 ## - SOURCE DATA FOUND
- Source citation: Work cat.: (Co-BoUCM): Santamaría, Eustacio, Primer libro de instrucción objetiva para el aprendizaje colombiano del dibujo, la escritura y la lectura, 1872